Reforming U.S. Intelligence

Enregistré dans:
Détails bibliographiques
Auteur principal: Goodman, Allan E.
Format: Texte
Publié: s.l.: s.e.
Tags: Ajouter un tag
Pas de tags, Soyez le premier à ajouter un tag!

MARC

LEADER 00000 a a2200000 04500
001 23742
003
040
090 |a 167300  
100 |a Goodman, Allan E.  
245 |a Reforming U.S. Intelligence  
260 |a s.l.:   |b s.e.  
300 |a pp. 121-136  
999 |c 15736  |d 15736